000 01101cam a2200337 i 4500
001 633
003 FISKH
005 20230627110501.0
008 780508s1978 ilua j 000 1 eng
010 _a 78003213
020 _a0695809644
020 _a0695409646 (lib. bdg.)
040 _aDLC
_cDLC
_dDLC
042 _alcac
050 0 0 _aPZ7.S1185
_bSi
082 0 0 _a[Fic]
100 1 _aSachar, Louis,
_d1954-
245 1 0 _aSideways stories from Wayside School /
_cby Louis Sachar ; illustrated by Dennis Hockerman.
250 _aFirst Scholastic printing, September 2001
260 _aNew York :
_bScholastic
_c1978.
300 _a118 pages :
_billustrations ;
_c22 cm.
505 _aH
520 _aHumorous episodes from the classroom on the thirtieth floor of Wayside School, which was accidentally built sideways with one classroom on each story.
521 8 _a530
_bLexile
521 8 _aH
_bRaz-Plus
650 1 _aSchools
_xFiction.
650 1 _aHumorous stories.
700 1 _aHockerman, Dennis.
906 _a7
_bcbc
_corignew
_d1
_eocip
_f19
_gy-gencatlg
942 _2ddc
_cBK
_n0
999 _c633
_d633